<?xml version="1.0" encoding="UTF-8"?>
<record
    xmlns:xsi="http://www.w3.org/2001/XMLSchema-instance"
    xsi:schemaLocation="http://www.loc.gov/MARC21/slim http://www.loc.gov/standards/marcxml/schema/MARC21slim.xsd"
    xmlns="http://www.loc.gov/MARC21/slim">

  <leader>02995nam a2200469 i 4500</leader>
  <controlfield tag="001">195573</controlfield>
  <controlfield tag="003">ES-MaACL</controlfield>
  <controlfield tag="005">20250825062652.0</controlfield>
  <controlfield tag="008">240624e2024    sp a   |r    |001 0 spa  </controlfield>
  <datafield tag="017" ind1=" " ind2=" ">
    <subfield code="a">M 1875-2024</subfield>
    <subfield code="b">Oficina Dep&#xF3;sito Legal Madrid</subfield>
  </datafield>
  <datafield tag="020" ind1=" " ind2=" ">
    <subfield code="a">978-84-8480-610-3</subfield>
  </datafield>
  <datafield tag="024" ind1="7" ind2=" ">
    <subfield code="a">195-24-006-2 </subfield>
    <subfield code="2">nipo </subfield>
  </datafield>
  <datafield tag="035" ind1=" " ind2=" ">
    <subfield code="a">(OCoLC)1440061701</subfield>
  </datafield>
  <datafield tag="040" ind1=" " ind2=" ">
    <subfield code="a">ES-MaCSI</subfield>
    <subfield code="b">spa</subfield>
    <subfield code="c">ES-MaACL</subfield>
  </datafield>
  <datafield tag="080" ind1=" " ind2=" ">
    <subfield code="a">316.42(460)(083.824)</subfield>
  </datafield>
  <datafield tag="080" ind1=" " ind2=" ">
    <subfield code="a">316.74:7(083.824) </subfield>
  </datafield>
  <datafield tag="245" ind1="0" ind2="0">
    <subfield code="a">Arte y transformaciones sociales en Espa&#xF1;a : </subfield>
    <subfield code="b">1885-1910 /</subfield>
    <subfield code="c">edici&#xF3;n a cargo de Javier Bar&#xF3;n ; comisario, Javier Bar&#xF3;n Thaidigsmann, con la colaboraci&#xF3;n para la secci&#xF3;n de fotograf&#xED;a de Beatriz S&#xE1;nchez Torija</subfield>
  </datafield>
  <datafield tag="250" ind1=" " ind2=" ">
    <subfield code="a">1&#xAA; edici&#xF3;n</subfield>
  </datafield>
  <datafield tag="260" ind1=" " ind2=" ">
    <subfield code="a">Madrid :</subfield>
    <subfield code="b">Museo Nacional del Prado,</subfield>
    <subfield code="c">2024</subfield>
  </datafield>
  <datafield tag="300" ind1=" " ind2=" ">
    <subfield code="a">448 p&#xE1;ginas :</subfield>
    <subfield code="b">ilustraciones (color), fotograf&#xED;as (blanco y negro) ;</subfield>
    <subfield code="c">30 cm</subfield>
  </datafield>
  <datafield tag="336" ind1=" " ind2=" ">
    <subfield code="2">rdacontent</subfield>
    <subfield code="a">texto</subfield>
  </datafield>
  <datafield tag="337" ind1=" " ind2=" ">
    <subfield code="2">rdamedia</subfield>
    <subfield code="a">sin mediaci&#xF3;n</subfield>
  </datafield>
  <datafield tag="338" ind1=" " ind2=" ">
    <subfield code="2">rdacarrier</subfield>
    <subfield code="a">volumen</subfield>
  </datafield>
  <datafield tag="500" ind1=" " ind2=" ">
    <subfield code="a">&#xCD;ndice</subfield>
  </datafield>
  <datafield tag="504" ind1=" " ind2=" ">
    <subfield code="a">Bibliograf&#xED;a: p&#xE1;ginas 406-424</subfield>
  </datafield>
  <datafield tag="520" ind1=" " ind2=" ">
    <subfield code="a">En este cat&#xE1;logo se analiza la diversidad en las interpretaciones de todos esos temas, la interrelaci&#xF3;n entre las distintas t&#xE9;cnicas, como la fotograf&#xED;a, la ilustraci&#xF3;n y la pintura, y la crisis del sistema naturalista de representaci&#xF3;n tras el triunfo de sus autores m&#xE1;s destacados, como los hermanos Jim&#xE9;nez Aranda, Joaqu&#xED;n Sorolla y Ramon Casas. Sus propuestas fueron sustituidas por otras de &#xED;ndole m&#xE1;s expresiva, primero a cargo de Dar&#xED;o de Regoyos y, despu&#xE9;s de 1900, de artistas como Isidre Nonell, Pablo Gargallo y Pablo Picasso. Editado por Javier Bar&#xF3;n, quien se ocupa del estudio dedicado a la pintura, el cat&#xE1;logo incluye otros ensayos relacionados con la escultura, a cargo de Leticia Azcue Brea (jefa de Conservaci&#xF3;n de Escultura y Artes Decorativas), la fotograf&#xED;a, por Beatriz S&#xE1;nchez Torija (t&#xE9;cnica en gesti&#xF3;n, &#xC1;rea de Conservaci&#xF3;n de Dibujos, Estampas y Fotograf&#xED;as) y el &#xE1;mbito catal&#xE1;n, escrito por Francesc Fontbona (doctor en Historia Moderna). Cada una de las casi 300 obras presentes en la exposici&#xF3;n es objeto de un an&#xE1;lisis pormenorizado</subfield>
  </datafield>
  <datafield tag="585" ind1=" " ind2=" ">
    <subfield code="a">Exposici&#xF3;n: Museo Nacional del Prado, Madrid, 24 de mayo al 22 de septiembre de 2024</subfield>
  </datafield>
  <datafield tag="650" ind1=" " ind2="4">
    <subfield code="a">Cambio social- </subfield>
    <subfield code="z">Espa&#xF1;a- </subfield>
    <subfield code="v">Exposiciones </subfield>
    <subfield code="9">237193</subfield>
  </datafield>
  <datafield tag="650" ind1=" " ind2="7">
    <subfield code="a">Arte y sociedad-</subfield>
    <subfield code="z">Espa&#xF1;a</subfield>
    <subfield code="9">150993</subfield>
  </datafield>
  <datafield tag="655" ind1=" " ind2="7">
    <subfield code="a">Cat&#xE1;logos de exposiciones</subfield>
    <subfield code="2">tgfbne</subfield>
    <subfield code="9">193628</subfield>
  </datafield>
  <datafield tag="655" ind1=" " ind2="7">
    <subfield code="a">Libros ilustrados</subfield>
    <subfield code="2">tgfbne</subfield>
    <subfield code="9">193653</subfield>
  </datafield>
  <datafield tag="700" ind1="0" ind2=" ">
    <subfield code="a">Bar&#xF3;n, Javier, </subfield>
    <subfield code="d">1956- </subfield>
    <subfield code="e">pbl</subfield>
    <subfield code="e">orm</subfield>
    <subfield code="9">25770</subfield>
  </datafield>
  <datafield tag="700" ind1="1" ind2=" ">
    <subfield code="a">S&#xE1;nchez Torija, Beatriz</subfield>
    <subfield code="e">orm</subfield>
    <subfield code="9">241796</subfield>
  </datafield>
  <datafield tag="710" ind1="2" ind2=" ">
    <subfield code="a">Museo Nacional del Prado</subfield>
    <subfield code="e">his</subfield>
    <subfield code="e">edt</subfield>
    <subfield code="9">160001</subfield>
  </datafield>
  <datafield tag="852" ind1="4" ind2=" ">
    <subfield code="a">ES-MaACL</subfield>
    <subfield code="c">DEPOJ</subfield>
    <subfield code="h">Donaci&#xF3;n: Museo Nacional del Prado</subfield>
    <subfield code="j">N-10054</subfield>
    <subfield code="9">206201</subfield>
  </datafield>
  <datafield tag="914" ind1=" " ind2=" ">
    <subfield code="9">160001</subfield>
    <subfield code="a">Museo Nacional del Prado</subfield>
    <subfield code="e">dnr</subfield>
  </datafield>
  <datafield tag="942" ind1=" " ind2=" ">
    <subfield code="c">MONOGRAFIA</subfield>
    <subfield code="n">0</subfield>
  </datafield>
  <datafield tag="999" ind1=" " ind2=" ">
    <subfield code="c">195573</subfield>
    <subfield code="d">195573</subfield>
  </datafield>
  <datafield tag="952" ind1=" " ind2=" ">
    <subfield code="0">0</subfield>
    <subfield code="1">0</subfield>
    <subfield code="2">udc</subfield>
    <subfield code="4">0</subfield>
    <subfield code="7">0</subfield>
    <subfield code="a">ATENEOM</subfield>
    <subfield code="b">ATENEOM</subfield>
    <subfield code="c">DEPOJ</subfield>
    <subfield code="d">2025-07-10</subfield>
    <subfield code="e">DONACION</subfield>
    <subfield code="l">0</subfield>
    <subfield code="o">N-10054</subfield>
    <subfield code="p">2025-0592</subfield>
    <subfield code="r">2025-07-10 00:00:00</subfield>
    <subfield code="w">2025-07-10</subfield>
    <subfield code="y">MONOGRAFIA</subfield>
  </datafield>
</record>
